000 00382nam a22001451a 4500
082 _aM 909
_bJOH/L
100 _aJohn Reed
_9103617
245 _aLokathe pidichu kulukkiya pathu divasangal/
_cby John Reed
260 _aThiruvananthapuram:
_bPrabhat,
_c1987.
300 _a536p.
500 _aJohn Reed
650 _aHistory World
_9103618
650 _aHistory
_9103619
942 _cBK
999 _c26094
_d26094